| 000 | 01248nam a22002537a 4500 | ||
|---|---|---|---|
| 003 | NALT | ||
| 005 | 20230425153154.0 | ||
| 008 | 230420b th ||||| |||| 00| 0 tha d | ||
| 040 | _aNALT | ||
| 050 |
_aD 843 _bจ755ก 2554 |
||
| 100 | 0 |
_960594 _aเจษฎา มีบุญลือ |
|
| 245 | 1 | 0 |
_aการเปลี่ยนผ่านจากยุคสงครามเย็นไปสู่การจัดระเบียบโลกใหม่ / _cผู้เขียน, เจษฎา มีบุญลือ. |
| 250 | _aพิมพ์ครั้งที่ 1. | ||
| 260 |
_aกรุงเทพฯ : _bศูนย์ศึกษายุทธศาสตร์ สถาบันวิชาการป้องกันประเทศ, _c2554. |
||
| 300 |
_a143 หน้า ; _c23 ซม. |
||
| 650 | 4 |
_936015 _aสงครามเย็น |
|
| 650 | 4 |
_914817 _aการเมืองของโลก |
|
| 653 | 4 | _aการจัดระเบียบโลก | |
| 850 | _aNALT | ||
| 942 |
_cGB _2lcc |
||
| 996 |
_achunbijaya.r _bCATSTF _c2023-04-20 |
||
| 996 |
_asaiphon.d _bCATSTF _c2023-04-25 |
||
| 999 |
_c101834 _d101834 |
||
| 998 |
_j104 _k นางสาวสายฝน ดีงาม |
||